The challenge of responsibility for sociology /

שמור ב:
מידע ביבליוגרפי
מחבר ראשי: Strydom, Piet
פורמט: Texto
תגים: הוספת תג
אין תגיות, היה/י הראשונ/ה לתייג את הרשומה!

MARC

LEADER 00000 a a2200000 04500
001 48678
003
040 |a CRAI/IIS  |c CRAI/IIS 
100 |a Strydom, Piet  
245 |a The challenge of responsibility for sociology /  |c Piet Strydom  
773 |g volumen47, número 3, (1999), páginas 65-82  
999 |c 19624  |d 19624